000 00279nam a2200109Ia 4500
001 1263263
005 20260417141901.0
008 260417s9999 xx 000 0 und d
020 _a9799752890007
245 0 _aİki Yeşil Susamuru
_cBuket Uzuner
260 _bEverest Yayınları
999 _c1263263
_d1263263